000 00617nam a2200193Ii 4500
003 JO-AjNU
008 230605s9999||||xx |||||||||||||| ||und||
040 _aJO-AjNU
_bara
_erda
_cJO-AjNU
041 _aara
050 1 4 _aBF38 .I7277. 1973
100 3 _aعيسوي،عبد الرحمن محمد,
_eauthor
_917485
245 0 0 _aعلم النفس في الحياة المعاصرة
264 3 1 _aالقاهرة:دار المعارف بمصر ،1973
300 _a414ص
336 _atext
_btxt
_2rdacontent
337 _aunmediated
_bn
_2rdamedia
338 _avolume
_bnc
_2rdacarrier
650 4 _aعلم نفس
_917486
999 _aA5409
_c8977
_d8977